|
|
|
|
| LEADER |
00000cam a22000004a 4500 |
| 001 |
musev2_107779 |
| 003 |
MdBmJHUP |
| 005 |
20230905054223.0 |
| 006 |
m o d |
| 007 |
cr||||||||nn|n |
| 008 |
170524s1975 onc o 00 0 eng d |
| 020 |
|
|
|a 9781487595845
|
| 020 |
|
|
|z 9781487597559
|
| 020 |
|
|
|z 9780802062147
|
| 035 |
|
|
|a (OCoLC)1386703606
|
| 040 |
|
|
|a MdBmJHUP
|c MdBmJHUP
|
| 100 |
1 |
|
|a Gillard, William.
|
| 245 |
1 |
4 |
|a The Niagara Escarpment :
|b From Tobermory to Niagara Falls /
|c William Gillard and Thomas Tooke.
|
| 264 |
|
1 |
|a Buffalo :
|b University of Toronto Press,
|c [1975]
|
| 264 |
|
3 |
|a Baltimore, Md. :
|b Project MUSE,
|c 2023
|
| 264 |
|
4 |
|c ©[1975]
|
| 300 |
|
|
|a 1 online resource (148 pages):
|b illustrations
|
| 336 |
|
|
|a text
|b txt
|2 rdacontent
|
| 337 |
|
|
|a computer
|b c
|2 rdamedia
|
| 338 |
|
|
|a online resource
|b cr
|2 rdacarrier
|
| 490 |
0 |
|
|a Heritage
|
| 500 |
|
|
|a Includes index.
|
| 505 |
0 |
|
|a Cover; Contents; Foreword; Part one: The North Section, Tobermory to Owen Sound; Part two: The Middle Section, Meaford to Dundas; Part three: The South Section, Hamilton to Niagara Falls; Afterword; Index; A; B; C; D; E; F; G; H; I; J; L; M; N; O; P; Q; R; S; T; V; W.
|
| 520 |
|
|
|a This book provides an informal history and tour of the Niagara Escarpment, the backbone of Ontario and one of Canada's natural wonders exhibiting a wide diversity of landscape, people, and industry, in the present and in the past.
|
| 588 |
|
|
|a Description based on print version record.
|
| 651 |
|
7 |
|a Ontario
|z Niagara Peninsula.
|2 fast
|0 (OCoLC)fst01242079
|
| 651 |
|
7 |
|a North America
|z Niagara Escarpment.
|2 fast
|0 (OCoLC)fst01248206
|
| 651 |
|
6 |
|a Niagara, Peninsule du (Ont.)
|x Histoire.
|
| 651 |
|
6 |
|a Niagara, Peninsule du (Ont.)
|x Descriptions et voyages.
|
| 651 |
|
6 |
|a Niagara, Escarpement du
|x Descriptions et voyages.
|
| 651 |
|
6 |
|a Niagara, Escarpement du
|x Histoire.
|
| 651 |
|
0 |
|a Niagara Escarpment
|x Description and travel.
|
| 651 |
|
0 |
|a Niagara Escarpment
|x History.
|
| 651 |
|
0 |
|a Niagara Peninsula (Ont.)
|x History.
|
| 651 |
|
0 |
|a Niagara Peninsula (Ont.)
|x Description and travel.
|
| 650 |
|
7 |
|a Travel.
|2 fast
|0 (OCoLC)fst01155558
|
| 650 |
|
7 |
|a HISTORY
|x Historical Geography.
|2 bisacsh
|
| 650 |
|
7 |
|a HISTORY
|z Canada
|x General.
|2 bisacsh
|
| 655 |
|
7 |
|a History.
|2 fast
|0 (OCoLC)fst01411628
|
| 655 |
|
7 |
|a Electronic books.
|2 local
|
| 700 |
1 |
|
|a Tooke, Thomas,
|e author.
|
| 710 |
2 |
|
|a Project Muse.
|e distributor
|
| 830 |
|
0 |
|a Book collections on Project MUSE.
|
| 856 |
4 |
0 |
|z Texto completo
|u https://projectmuse.uam.elogim.com/book/107779/
|
| 945 |
|
|
|a Project MUSE - Custom Collection
|